Six lectures on Riemannian geometry /

Guardado en:
Autor Principal: Ambrose, Warren.
Formato: Libro
Idioma:English
Publicado: Rio de Janeiro : Instituto de Matemática Pura e Aplicada do Conselho Nacional de Pesquisas, 1961.
Series:Notas de matemática (Rio de Janeiro, Brasil) ; no. 25
Etiquetas: Agregar Etiqueta
Sin Etiquetas, Sea el primero en etiquetar este registro!
LEADER 00623nam a22001695a 4500
001 MAT.inmabb001027
008 031120s1961####bl############000#0#eng#d
005 20130315184004.0
245 1 0 |a Six lectures on Riemannian geometry /  |c by Warren Ambrose. 
260 |a Rio de Janeiro :  |b Instituto de Matemática Pura e Aplicada do Conselho Nacional de Pesquisas,  |c 1961. 
300 |a i, 55 p. ;  |c 28 cm. 
490 1 |a Notas de matemática ;  |v no. 25 
510 4 |a MR,  |c 25 #1517 
100 1 |a Ambrose, Warren. 
830 0 |a Notas de matemática (Rio de Janeiro, Brasil) ;  |v no. 25 
084 |a 53  |2 msc2000 
859 |h 53  |i Am496  |p A-901  |b BIB. MATEMATICA